01635 2200265 4500001002100000005001500021035002000036245014900056100002200205250001700227300002900244700001900273700001900292700002300311700001700334700001500351700001200366700001800378260003900396082000800435084001400443020002200457650001100479520087900490INLIS00000000000055020240820084856 a0010-08240000681 aGara-Gara Game Online /cFery Lorena Yanni, Yosep Rustandi, Fitria Susanti, Setyaning Nur Asih, Neneng Utami, Iben Madja, Yersita, Yusfin Rahayu0 aFery Lorena Yanni acetakan ke-1 a144 hlm :bIlus ;c20 cm0 aYosep Rustandi0 aFitria Susanti0 aSetyaning Nur Asih0 aNeneng Utami0 aIben Madja0 aYersita0 aYusfin Rahayu aSolo :bIndiva Media Kreasi,c2020 a813 a813 FER g a978-632-253-007-2 4aCerpen aMemasuki lokasi wisata yang dituju, anak-anak mulai menyebar dalam kelompok masing-masing. Cika tetap asyik dengan game-nya meskipun teman-temannya berulang kali memanggilnya. Cika berjalan seorang diri sambil terus bermain. Setelah dua jam di lokasi, anak-anak harus berkumpul kembali di bus untuk melanjutkan perjalanan ke lokasi berikutnya. Sementara itu........... Hah? Di mana aku? Cika tampak kebingungan. Ketika baterai handphonenya habis dan handphone mati, barulah cika berhenti bermain dan menyadari kalau dia tersesat seorang diri. Cika kebingungan tak tahu arah kembali. Bagaimana ini? Cika mulai putus asa. Air matanya mulai mengalir. Gara-gara game online adalah salah satu dari 11 judul cerpen dalam buku ini. Yup, kumpulan cerpen finalis Kompetisi Menulis Indiva 019 kategori cerpen lintang. Dijamin keren, bergizi, dan kaya manfaat. Selamat membaca, ya!